| 000 | 00319nam a22001097a 4500 | ||
|---|---|---|---|
| 008 | 160427b xxu||||| |||| 00| 0 eng d | ||
| 020 | _a9781416046639 | ||
| 041 | _aeng | ||
| 080 | _a618.2 | ||
| 245 |
_aPharmacology a nursing process approach: _cJoyce LeFever Kee; Evelyn R. Hayes; Linda E. McCuistion; |
||
| 942 |
_2udc _cBK |
||
| 999 |
_c1634 _d1634 |
||